[Event "45th Olympiad 2024"]
[Site "Budapest HUN"]
[Date "2024.09.16"]
[Round "6.60"]
[Board "4"]
[White "Lima, Osvaldo Dos Santos"]
[Black "Rakan Dasa"]
[Result "1/2-1/2"]
[WhiteElo "1903"]
[BlackElo "1975"]
[PlyCount "106"]
[EventDate "2024.09.11"]
[WhiteTeam "Sao Tome and Principe"]
[BlackTeam "Jordan"]
[WhiteTeamCountry "SAO"]
[BlackTeamCountry "JOR"]

1. c4 e6 2. Nc3 d5 3. cxd5 exd5 4. d4 c5 5. Nf3 Nc6 6. e3 Nf6 7. g3 Bg4 8. Bg2 cxd4 9. exd4 Be7 ({RR} 9... Qe7+ 10. Be3 Qb4 11. O-O Be7 12. h3 Bh5 13. g4 Bg6 14. Ne5 Qxb2 15. Nxd5 Nxd5 16. Bxd5 Nxe5 17. dxe5 O-O 18. f4 Rad8 19. Qf3 Rxd5 20. Qxd5 Rd8 21. Qb3 Qe2 22. Rae1 Qa6 23. f5 Rd3 24. Qc2 {1-0 Kiewra,K (2293)-Wanyama,H (2154) Titled Tue 10th Sep Late 2024 (11)}) 10. O-O O-O 11. h3 Bh5 $146 ({RR} 11... Be6 12. Ng5 Qb6 13. Nxe6 fxe6 14. Ne2 Ne4 15. Bxe4 dxe4 16. Qc2 Nxd4 17. Qxe4 Bc5 18. Nxd4 Bxd4 19. Be3 Bxe3 20. Qxe3 Qxb2 21. Qxe6+ Rf7 22. Rab1 Qf6 23. Qxf6 gxf6 24. Rfe1 b6 25. Re4 Rd8 26. Rbe1 {0-1 Correa,J (1883)-Zhukova,N (2328) Titled Tuesday intern op 7th July blitz 2020 (3)}) 12. g4 Bg6 13. a3 Rc8 14. Ne5 Bd6 15. Nxg6 hxg6 16. Be3 Re8 17. Qd3 Bb8 18. b4 Qc7 19. Rfc1 Rcd8 20. Kf1 Qh2 21. f3 Rxe3 22. Qxe3 Bf4 23. Qd3 Bxc1 24. Rxc1 Re8 25. Kf2 Qf4 26. Rd1 Ne4+ 27. Nxe4 Rxe4 28. Qd2 Qf6 29. g5 Qxd4+ 30. Qxd4 Rxd4 31. Rxd4 Nxd4 32. f4 Nc2 33. Bxd5 b6 34. Be4 Nxa3 35. Bd3 Kf8 36. Ke3 Ke7 37. b5 Ke6 38. Kd4 Kd6 39. h4 Ke6 40. Ke4 f5+ 41. gxf6 Kxf6 42. Kd4 Ke6 43. Kc3 Nxb5+ 44. Bxb5 Kf5 45. Bd3+ Kxf4 46. Bxg6 Kg4 47. h5 Kf4 48. Kb4 Ke5 49. Kb5 Kf6 50. Ka6 Kg5 51. Be8 Kg4 52. Bg6 Kg5 53. Kb5 Kh6 1/2-1/2

[Event "45th Olympiad 2024"]
[Site "Budapest HUN"]
[Date "2024.09.16"]
[Round "6.61"]
[Board "4"]
[White "Alothman, Ali Layth Ahmed"]
[Black "Arnold Smith"]
[Result "1-0"]
[WhiteElo "2161"]
[BlackElo "1915"]
[PlyCount "73"]
[EventDate "2024.09.11"]
[WhiteTeam "Iraq"]
[BlackTeam "Liberia"]
[WhiteTeamCountry "IRQ"]
[BlackTeamCountry "LBR"]

1. Nf3 d5 2. g3 Nf6 3. Bg2 c5 4. O-O e6 5. c4 d4 6. e3 Nc6 7. exd4 cxd4 8. d3 Be7 9. Re1 O-O 10. Na3 Bb4 ({RR} 10... h6 11. Bf4 Bc5 12. Nc2 Nd7 13. a3 a5 14. b3 Re8 15. Bd2 e5 16. b4 Bd6 17. c5 Bf8 18. Rc1 axb4 19. axb4 Rb8 20. Na3 b5 21. Nxb5 Ba6 22. Nd6 Bxd6 23. cxd6 Nxb4 24. Qa4 Nxd3 25. Qxa6 {1-0 Ding Liren (2762)-Praggnanandhaa,R (2747) 12th Norway Armageddon 2024 (2.3)}) ({RR} 10... Ne8 11. Nc2 f6 12. Bd2 a5 13. a3 a4 14. Rb1 e5 15. b4 axb3 16. Rxb3 Nc7 17. Nb4 Nxb4 18. Bxb4 Ne6 19. Nd2 Kh8 20. Qb1 Ra7 21. Bd5 Nc5 22. Bxc5 Bxc5 23. Bxb7 Bd7 24. Bd5 Rxa3 25. Rxa3 {1-0 Yagiz,Y (2113)-Novik,M (2411) Titled Tue 3rd Sep Late 2024 (11)}) 11. Re2 $146 ({RR} 11. Bd2 Bxd2 12. Qxd2 a5 13. Nb5 Re8 14. Qf4 Nh5 15. Qg5 Qxg5 16. Nxg5 Rd8 17. a3 Nf6 18. Nf3 Kf8 19. Ne5 Nxe5 20. Rxe5 Nd7 21. Ree1 Nc5 22. Rad1 Bd7 23. Re5 Bxb5 24. Rxc5 Ba4 25. Rd2 b6 {½-½ Povshednyi,I (2140)-Roubalik,J (2366) Lisbon Portugal rapid op 2022 (2)}) 11... Re8 12. Nc2 Bf8 13. Bf4 h6 14. Ne5 Bd7 15. b4 g5 16. b5 gxf4 17. bxc6 bxc6 18. Nxd4 fxg3 19. hxg3 Rc8 20. Ndxc6 Qc7 21. Rb1 Bd6 22. Rb7 Qxb7 23. Ne7+ Bxe7 24. Bxb7 Rc7 25. Bf3 Bf8 26. Qd2 Bg7 27. Qf4 Rec8 28. d4 Be8 29. Kg2 Nd7 30. Ng4 Kh7 31. Be4+ f5 32. Bxf5+ exf5 33. Rxe8 Rxe8 34. Qxc7 fxg4 35. Qxd7 Re2 36. c5 Rd2 37. c6 1-0

[Event "45th Olympiad 2024"]
[Site "Budapest HUN"]
[Date "2024.09.16"]
[Round "6.62"]
[Board "1"]
[White "Christie, Joshua"]
[Black "Giasi, Viresh"]
[Result "1-0"]
[WhiteElo "2271"]
[BlackElo "1998"]
[PlyCount "73"]
[EventDate "2024.09.11"]
[WhiteTeam "Jamaica"]
[BlackTeam "Suriname"]
[WhiteTeamCountry "JAM"]
[BlackTeamCountry "SUR"]

1. d4 Nf6 2. c4 g6 3. g3 Bg7 4. Bg2 d6 5. Nc3 O-O 6. Nf3 Nbd7 7. O-O e5 8. b3 c6 9. Ba3 exd4 10. Nxd4 Nc5 ({RR} 10... Qa5 11. Qc1 Ng4 12. e3 Qh5 13. h3 Ngf6 14. Bxd6 Re8 15. g4 Qa5 16. Rd1 Ne5 17. b4 Qa6 18. c5 Nc4 19. Bf1 b5 20. cxb6 axb6 21. Nxc6 Be6 22. b5 Qb7 23. Ne7+ Rxe7 24. Bg2 Nxd6 25. Bxb7 {½-½ Qu,H (1746)-Yu,Z (1393) ch-CHN Personal GpB m 2023 (2.29)}) 11. Qd2 Ne8 $146 ({RR} 11... Re8 12. Rad1 Qb6 13. e3 a5 14. Nxc6 bxc6 15. Qxd6 Ncd7 16. Qxc6 Ra6 17. Qxb6 Rxb6 18. c5 Rbe6 19. Nb5 Bf8 20. Nc7 Nxc5 21. Nxe8 Rxe8 22. Bc6 Bd7 23. Bxc5 Bxc6 24. Bxf8 Kxf8 25. Rd6 Re6 26. Rxe6 {1-0 Lajthajm,B (2473)-Sorgic,D (2242) Novi Sad Vujovic Memorial 2014 (1)}) ({RR} 11... Re8 12. Rad1 Qa5 13. Bb2 Qb6 14. Qc2 a5 15. Ba3 Nfd7 16. e3 Ne5 17. h3 h5 18. f4 Ned7 19. Rfe1 Qc7 20. Kh2 Na6 21. Ndb5 cxb5 22. Nxb5 Qb6 23. Nxd6 Rd8 24. e4 Nb4 25. Qe2 Nc5 26. e5 {½-½ Martirosyan,H (2622)-Maghsoodloo,P (2676) PNWCC Bullet (1+1) op blitz 2020}) ({RR} 11... Re8 12. Rad1 Qb6 13. Nxc6 bxc6 14. Qxd6 Nfd7 15. Bxc6 Re6 16. Nd5 Rxd6 17. Nxb6 Rxc6 18. Nxa8 Bf6 19. b4 Ne4 20. c5 Nc3 21. Rd2 Ne5 22. Bb2 Nc4 23. Bxc3 Nxd2 24. Bxd2 Bb7 25. Rc1 Bxa8 26. b5 {½-½ Kupreichik,V (2515)-Shulman,Y (2425) Minsk Boleslavsky Memorial 1994 (10)}) 12. Rad1 Qe7 13. b4 Ne6 14. Nc2 Nd8 15. b5 Bxc3 16. Qxc3 cxb5 17. cxb5 Be6 18. Bb2 f6 19. Nb4 Rc8 20. Qd4 Rc5 21. a4 Bb3 22. Nd5 Qf7 23. Rd3 Ne6 24. Qb4 Bc4 25. Rd2 N6c7 26. Ne3 b6 27. Bd4 Be6 28. Bxc5 dxc5 29. Qe4 Ng7 30. Qb7 Nce8 31. Qxf7+ Kxf7 32. Bd5 Nc7 33. Bc4 Ke7 34. Rfd1 Bc8 35. Rd6 Nge8 36. Rd8 Bb7 37. R1d7# 1-0

[Event "45th Olympiad 2024"]
[Site "Budapest HUN"]
[Date "2024.09.16"]
[Round "6.62"]
[Board "2"]
[White "Yeung, Jason"]
[Black "Smith, Shreyas"]
[Result "0-1"]
[WhiteElo "1993"]
[BlackElo "2226"]
[PlyCount "66"]
[EventDate "2024.09.11"]
[WhiteTeam "Suriname"]
[BlackTeam "Jamaica"]
[WhiteTeamCountry "SUR"]
[BlackTeamCountry "JAM"]

1. d4 {Stohl,Igor} Nf6 2. c4 g6 3. Nc3 Bg7 4. e4 d6 5. h3 O-O 6. Be3 ({RR} 6. Nf3) ({RR} 6. Bg5 c6 7. Nf3 d5 8. cxd5 ({RR} 8. exd5 cxd5 9. Bxf6 exf6 10. Nxd5 f5) 8... cxd5 9. Bxf6 exf6 10. exd5 b6 11. Be2 Na6 12. O-O Nc7 13. Qb3 Bb7 14. Bc4 Rb8 15. a4 a6 16. Rfe1 b5 17. axb5 axb5 18. Bd3 b4 19. Ne4 f5 20. Ned2 Nxd5) 6... Nc6 ({RR} 6... e5 7. d5 Na6 ({RR} 7... a5 8. g4 Na6 9. Nge2 Nd7 10. Qd2 ({RR} 10. Ng3 Ndc5 ({RR} 10... Bf6) ({RR} 10... Qh4) 11. h4) 10... Ndc5 11. Ng3 c6 12. Be2 cxd5 13. cxd5 ({RR} 13. exd5 f5 14. gxf5 Bxf5 15. Nxf5 gxf5 16. O-O-O Kh8 17. Rhg1 f4 18. Bxc5 Nxc5 19. Qc2 e4 20. Nxe4 Nxe4 21. Qxe4 Qf6 22. Rd2 f3 23. Bd3 Qh6) 13... a4 14. h4 Bd7 15. h5 Rc8 16. Kf1 a3 17. b3 Qa5 18. Rc1 f6 19. Kg2 Nb4 20. hxg6 hxg6 21. Bh6 Rf7 22. Rh2 {RR} Re8) 8. g4 ({RR} 8. Nf3 Nh5 9. a3 ({RR} 9. Nh2 Qe8 10. Be2 Nf4 ({RR} 10... f5)) 9... f5 10. b4 Nb8 11. Qb3 ({RR} 11. c5) 11... Nd7 12. c5 Qe7 13. Rd1 Ndf6 14. Bg5 b6 15. Nd2 h6 16. Bxf6 Bxf6 17. Bc4 Kh7 18. cxd6 cxd6 19. O-O Bd7 20. Ba6 Rf7 21. Rfe1 Rg8 22. Rc1 Bg5) 8... Nc5 9. f3 c6 ({RR} 9... Ne8 10. Qd2 f5 11. exf5 gxf5 12. O-O-O) ({RR} 9... h5 10. Qd2 ({RR} 10. g5 Nh7 ({RR} 10... Nfd7 11. b4 Na6 12. a3 Nab8 13. h4 a5 14. Rb1 Na6 15. Kf2 Qe8 16. Kg2 axb4 17. axb4 Qe7 18. Qd2 c5 19. dxc6 bxc6 20. b5 cxb5 21. cxb5 Nac5 22. Nd5) 11. h4 f6 12. Qd2 fxg5 13. hxg5 Rf4) 10... Nh7 11. O-O-O h4 12. Bd3 Nxd3+ 13. Qxd3 f5 14. Rh2 Kh8 15. Rg2 Bd7 16. exf5 gxf5 17. g5 f4 18. Bf2 Qe8 19. Ne4 Bf5 20. Bxh4 Qh5 21. Bf2 Bxe4 22. fxe4 Nxg5 23. Rg4 Nh7 24. Nf3) 10. Qd2 cxd5 11. cxd5 Bd7 12. Nge2 h5 13. Nc1 ({RR} 13. Rg1) 13... Rc8 14. Nb3 Nxb3 15. axb3 a6 16. Bd3 Nh7 17. O-O-O h4 18. Kb1 Bf6 19. f4 exf4 20. Bxf4 Re8 21. Rhf1) ({RR} 6... c5 7. d5 ({RR} 7. dxc5 Qa5 8. Bd3 dxc5 9. e5 Nfd7 10. f4 Rd8 ({RR} 10... f6) 11. Nf3 ({RR} 11. Qe2 Nc6 12. Nf3 Nd4 13. Nxd4 Nxe5 14. fxe5 cxd4 15. Bd2 dxc3 16. Bxc3 Qb6 17. O-O-O Be6) 11... Nxe5 ({RR} 11... Nc6 12. Qb1 ({RR} 12. O-O Nb4) 12... Nb6 13. O-O Nb4 14. Be2 Bf5 15. Ne4 Qa4 16. b3 Qc6 17. Nfg5 h6 18. g4) 12. Nxe5 Bxe5 13. fxe5 Bf5 14. O-O Rxd3 ({RR} 14... Bxd3 15. e6 f5 16. Nd5 Bxf1 17. Nxe7+ Kf8 18. Qf3) 15. Qe2 Rxc3 16. bxc3 Nc6 ({RR} 16... Be6 17. Rab1 Qc7 18. Rf4 Nd7 19. Qf3 Rb8 20. Rh4 Qxe5 21. Re4 Qxc3 22. Bf4 Qxf3 23. gxf3) 17. Rxf5 gxf5 18. Rf1 Qxc3 19. Rxf5 Nxe5) ({RR} 7. Nf3 Qa5 ({RR} 7... cxd4 8. Nxd4 Nc6 9. Be2 Nxd4 10. Bxd4 Bd7 11. O-O a5 12. Qc2 Bc6 13. Rad1 Nd7 14. Bxg7 Kxg7 15. Bg4 Ne5 16. c5 Nxg4 17. hxg4 Qc8 18. cxd6 Qxg4 19. dxe7 Rfe8 20. Nd5 Bxd5 21. Qc3+ Kg8 22. exd5) 8. Bd3 ({RR} 8. Nd2 cxd4 9. Nb3 Qxc3+ 10. bxc3 dxe3 11. f3 Nh5 12. Qc1 Bh6 13. g4 Nf4 14. Kd1 Ne6 15. Kc2 Nc6 16. h4 Bf4 17. Qd1 Ne5 18. Nc1 Bd7 19. a4 Rac8 20. Ne2 Bh6 21. g5 Bg7 22. Bh3 Nxf3) 8... Nfd7 9. O-O Nc6 10. Be2 cxd4 11. Nxd4 Nxd4 12. Bxd4 Bxd4 13. Qxd4 Ne5 14. Rad1 Be6 15. b3 a6 16. Qe3 ({RR} 16. f4 Nc6 17. Qd2) 16... b5 17. f4 b4 18. Nd5 ({RR} 18. Na4 Nxc4) 18... Nc6 19. Bf3) 7... e6 8. Bd3 exd5 ({RR} 8... Na6 9. Nf3 Re8 10. O-O Nc7 11. a4 Na6 12. Nd2 ({RR} 12. Rc1 Nb4 13. Bb1) 12... Nb4 13. Be2 b6 14. Qb3 a6 15. Rae1 Ra7 16. Qd1 Rae7 17. Qb1 Qc7 18. Bf4 e5 19. Be3 Nd7 20. Bg4 Rf8 21. Kh1 Ree8 22. Be2 Qd8 23. Nf3) 9. exd5 ({RR} 9. cxd5 b5 10. Nxb5 Re8 11. Nc3 Nxe4 12. Nxe4 f5) 9... Na6 ({RR} 9... Re8 10. Nf3 Bh6 11. O-O) 10. Nf3 Nb4 ({RR} 10... Bf5 11. Bxf5 gxf5 12. O-O Ne4 13. Nxe4 fxe4 14. Ng5 Qe7 15. Qg4 f5 16. Qh5 Bxb2 17. Rab1 Be5 18. Ne6 Rf7 19. f4 Bh8 20. g4) 11. Be2 ({RR} 11. Bb1 b5 12. a3 ({RR} 12. Nxb5 Ba6 13. a4 Nfxd5) 12... Qa5 13. O-O bxc4) 11... Bf5 12. Rc1 Ne4 ({RR} 12... Qa5 13. Qd2 Ne4 14. Nxe4 Bxe4 15. a3 Bxb2 16. axb4 Qxb4 17. Qxb4 cxb4 18. Rd1 Bc2 19. Rd2 Bc3 20. Bd4 Bxd2+ 21. Kxd2) ({RR} 12... Re8 13. a3 Na6) 13. g4 Nxc3 14. bxc3 Nxa2 15. gxf5 Nxc1 16. Qxc1 Qf6 17. fxg6 Qxc3+ 18. Qxc3 Bxc3+ 19. Kd1 hxg6 20. Kc2 Bg7 21. Rb1) ({RR} 6... c6 7. Nf3 d5 8. e5 Ne4 9. Qb3) 7. d5 ({RR} 7. Nf3 e5 8. d5 Nd4 9. Nxd4 exd4 10. Bxd4 Nxe4 11. Nxe4 ({RR} 11. Bxg7 Re8) 11... Qh4 12. g4 Re8 13. Bg2 Bf5 14. O-O Bxe4 15. Bxg7 Bxg2 16. Kxg2 Kxg7 17. Qd4+ Qf6 18. Qxf6+ Kxf6 19. Rfe1) 7... Ne5 ({RR} 7... Nb4 8. a3 ({RR} 8. Nf3 c6 ({RR} 8... e6) 9. Be2 Nd7 10. O-O Qc7 11. Bd4 Ne5 12. Nxe5 Bxe5 13. Bxe5 dxe5 14. a3 Na6 15. b4 c5 16. Rb1 Qd8 17. Qd2 Bd7 18. Qe3 Rc8 19. b5 Nc7 20. f4 exf4 21. Qxf4 Ne8 22. e5) 8... Na6 9. Bd3 e6 ({RR} 9... Nd7 10. Nf3 Nac5 11. Bc2 Nb6 12. Qe2 Bxc3+ 13. bxc3 Nba4 14. Bh6 Re8 15. e5 e6 16. Bg5 Qd7 17. Bf6 exd5 18. Qd2 Qe6 19. O-O dxe5 20. Bxe5 f6 21. cxd5 Qf7 22. Bd4 Qxd5 23. c4 Qf7 24. Rfe1) 10. Nge2 Nc5 ({RR} 10... Re8 11. b4) 11. Bc2 exd5 12. cxd5 Re8 13. f3 Nh5 14. g4 Nf6 15. Nd4 a5 16. Qd2 Bd7 17. O-O-O ({RR} 17. O-O) 17... Rb8 18. h4 b5 19. b4 axb4 20. axb4 Na6 21. Na2) ({RR} 7... Nb8 8. Nf3 c6 9. Bd3 e6 10. dxe6 Bxe6 11. O-O Nbd7 12. Ng5 Re8 13. Qd2 Qe7 14. Rfe1 Ne5 15. b3 a6 16. Bc2 Bc8 17. f4 Ned7 18. Rad1 h6 19. Nf3 Nh7 20. Ne2) 8. f4 ({RR} 8. Qd2 e6 9. f4 Ned7 10. dxe6 fxe6 11. g4 b5 12. cxb5 Bb7 ({RR} 12... a6 13. Nf3 axb5 14. Bxb5 Bb7 15. Qc2 d5 16. e5 d4 17. Nxd4 Bxh1 18. Nxe6 Qe7 19. Bc4 Kh8 20. O-O-O Bb7 21. Nxg7 Nb6 22. Bb3) 13. Bg2 ({RR} 13. Bd3 d5) 13... a6 14. bxa6 Rxa6) ({RR} 8. Be2 e6 9. Nf3 Nxf3+ 10. Bxf3 Nd7) 8... Ned7 9. Bd3 ({RR} 9. g4 c6 ({RR} 9... e5 10. f5 Nc5 11. Qc2 gxf5 12. exf5 h6 13. O-O-O) ({RR} 9... e6 10. dxe6 fxe6 11. Bg2) 10. Nf3 cxd5 11. cxd5 ({RR} 11. exd5 Nc5 ({RR} 11... Re8)) 11... b6 ({RR} 11... Nc5 12. Bxc5 dxc5 13. e5 Nd7 14. Qc2 Qa5 15. Nd2 Nb6 16. a3 Nd7 17. O-O-O a6 18. Bg2 Rb8 19. d6 e6 20. h4 b5 21. h5 b4 22. Nc4 Qd8 23. hxg6 bxc3 24. gxf7+ Rxf7 ({RR} 24... Kxf7 25. Qxc3) 25. Qxh7+ Kf8 26. Qh8+) 12. Nd4 Nc5 13. Qf3 ({RR} 13. Bg2 Ba6) ({RR} 13. Qc2 Ncxe4 ({RR} 13... e6) ({RR} 13... Bb7 14. Bg2 e6 15. O-O exd5 16. exd5 Re8 17. Bf2 Qd7 18. Rfe1 Na6 19. Nc6 Nc7 20. Rad1 Rxe1+ 21. Rxe1 Re8 22. Rxe8+ Qxe8 23. b4 a6 24. a4 b5 25. axb5 axb5 26. Qd3 Ncxd5) 14. Nxe4 ({RR} 14. g5 Nxc3 15. gxf6 Nxd5 16. fxg7 Re8) 14... Nxd5) ({RR} 13. Nc6 Qe8 14. Bg2 Ba6 15. Bxc5 bxc5 16. Qd2) 13... Bb7 ({RR} 13... Ncxe4 14. g5 Nxc3 15. gxf6 Bxf6 16. bxc3) ({RR} 13... e6 14. g5 Nh5 15. O-O-O exd5 16. exd5 ({RR} 16. Nxd5 Bb7) 16... f6) 14. g5 ({RR} 14. O-O-O e6) 14... Nfxe4 ({RR} 14... Nh5 15. f5 Be5 ({RR} 15... Rc8)) 15. Nxe4 Bxd5 16. Nf6+ exf6 17. Qxd5 Re8 18. Nc2 ({RR} 18. Qf3 fxg5 ({RR} 18... Qe7 19. Nc2 fxg5 20. O-O-O Qf6 21. Bd4 Qxf4+ 22. Qxf4 gxf4 23. Bb5) 19. O-O-O gxf4 20. Qxf4 Re4 21. Qf3) 18... fxg5 19. O-O-O gxf4 20. Bd4 ({RR} 20. Bxf4 Qf6 21. Qd4 Qf5 22. Qxd6 ({RR} 22. Qd2 Na4) 22... Ne4) 20... Bxd4 21. Qxd4 Ne6 ({RR} 21... Qh4) 22. Qd2 ({RR} 22. Qxd6 Qf6) 22... Qf6 23. Kb1 Rac8 {1-0 Caruana,F (2822)-Firouzja,A (2723) Tata Steel-A 82nd 2020 (10)}) 9... e5 ({RR} 9... c6 10. Nf3 cxd5 11. cxd5 b5 12. Nxb5 Nc5 13. Nc3 Qa5 14. Kf2 Rb8 15. Rb1 Rxb2+ 16. Rxb2 Qxc3 17. Rb3 Nfxe4+ 18. Bxe4 Nxe4+ 19. Kg1 Qa5 20. Kh2 Qxa2 21. Bd4 Bxd4 22. Nxd4 Nc5 23. Re3 Qxd5 24. Rxe7 {1-0 Zhirkov,V (2159)-Fedorov,A (2009) Korchnoi Mem Open 2024 (3.21)}) 10. Nge2 $146 ({RR} 10. dxe6 fxe6 11. Nge2 b6 12. O-O Qe7 13. Qd2 Bb7 14. Bc2 Nc5 15. Ng3 a5 16. Rae1 Nfd7 17. b3 Qh4 18. Nge2 Nf6 19. Bf2 Qh6 20. Be3 Ncxe4 21. Nxe4 Nxe4 22. Bxe4 Bxe4 23. f5 Qh5 24. Ng3 Qh4 {0-1 Studer,N (2546)-Cheparinov,I (2686) Gibraltar Masters 18th 2020 (8)}) ({RR} 10. dxe6 fxe6 11. Nge2 b6 12. O-O Qe7 13. Qd2 Bb7 14. Bc2 Nc5 15. Ng3 a5 16. Rae1 Nfd7 17. b3 Qh4 18. Nge2 Nf6 19. Bf2 Qh6) ({RR} 10. f5 gxf5 11. exf5 e4) ({RR} 10. dxe6 fxe6 11. g4 b6 12. Qc2 Bb7 13. O-O-O Qe7 14. Nge2 Nc5 15. Ng3 Nxd3+ 16. Rxd3 Rf7 17. Rdd1 a6 18. Nce2 b5 19. c5 dxc5 20. Bxc5 Qe8 21. Kb1 e5 22. g5 Nd7 23. f5 gxf5 24. exf5 Nxc5 {½-½ Koneru,H (2618)-Zhang,X (2367) CHN-chT China 2013 (17.5)}) 10... exf4 11. Nxf4 Re8 12. O-O Nc5 13. Bd4 Nxd5 14. Bxg7 Nxf4 15. Rxf4 Kxg7 16. Qf3 Be6 17. Rf1 c6 18. Be2 Nd7 19. Nd1 Ne5 20. Qg3 Qa5 21. Ne3 Qxa2 22. Nf5+ Bxf5 23. exf5 Qxb2 24. Bh5 Kh8 25. fxg6 fxg6 26. Bd1 Qb6+ 27. Kh1 Qd8 28. Bc2 Qe7 29. Qf2 Kg7 30. h4 Rf8 31. h5 Rxf4 32. Qxf4 Rf8 33. h6+ Kg8 0-1

[Event "45th Olympiad 2024"]
[Site "Budapest HUN"]
[Date "2024.09.16"]
[Round "6.62"]
[Board "3"]
[White "Glaves, Raheem"]
[Black "Kalidjo, Imaan"]
[Result "1/2-1/2"]
[WhiteElo "2094"]
[BlackElo "1934"]
[PlyCount "109"]
[EventDate "2024.09.11"]
[WhiteTeam "Jamaica"]
[BlackTeam "Suriname"]
[WhiteTeamCountry "JAM"]
[BlackTeamCountry "SUR"]

1. d4 Nf6 2. c4 g6 3. Nc3 Bg7 4. e4 d6 5. Nge2 Nbd7 6. Ng3 e5 7. d5 O-O 8. h4 h5 9. Bg5 a5 10. Be2 Re8 11. Bxh5 gxh5 12. Nxh5 Nf8 13. Qf3 N8h7 14. Nd1 $146 ({RR} 14. Nxg7 Kxg7 15. O-O-O Rh8 16. Nb5 Bd7 17. Qe3 Nxg5 18. hxg5 Nh5 19. g3 f5 20. exf5 Bxf5 21. Rh4 Bg6 22. Rdh1 Qd7 23. Nc3 Raf8 24. Ne4 Qf5 25. Kd2 Nf4 26. gxf4 Qxe4 27. Qxe4 Bxe4 28. Rxh8 Rxh8 {0-1 Demikhov,M (1978)-Sidorov,A (2188) Irkutsk Veda 2015 (7)}) ({RR} 14. Nxg7 Kxg7 15. Qe2 Qd7 16. Rh3 Rg8 17. Qd2 Kf8 18. Rf3 Nh5 19. Rf5 Nxg5 20. Rxg5 Nf4 21. Rxg8+ Kxg8 22. O-O-O Qg4 23. g3 Nh5 24. Qe3 Kh7 25. Ne2 Qg6 26. Rg1 Qh6 27. Kd2 Bg4 28. Nc3 Qxe3+ {1-0 Garcia Galeote,L (1809)-Garcia Roman,J (1987) Rutas de Cuenca op 6th 2019 (7)}) 14... Bg4 15. Nxf6+ Nxf6 16. Bxf6 Bxf3 17. Bxd8 Bxd1 18. Bxc7 Bc2 19. Bxd6 Bxe4 20. Bc7 Bf5 21. Rd1 e4 22. O-O a4 23. b4 axb3 24. axb3 Ra3 25. d6 Bd7 26. b4 Bf6 27. b5 Bxh4 28. c5 Bxb5 29. d7 Rea8 30. c6 bxc6 31. Rfe1 Rd3 32. Rxd3 Bxd3 33. Rc1 Bb5 34. Rd1 Bd8 35. Bd6 Ra7 36. Bc5 Rb7 37. Rd4 Kg7 38. g4 Kf6 39. Kg2 Ke5 40. Kg3 Bd3 41. f4+ Kf6 42. Rd6+ Kg7 43. g5 Bc4 44. f5 Be6 45. fxe6 fxe6 46. Bd4+ Kf7 47. Bf6 Rb8 48. Bxd8 Rxd8 49. Rd1 Ke7 50. g6 Kf6 51. Kf4 e3 52. g7 e2 53. Rg1 e1=Q 54. Rxe1 Kxg7 55. Rxe6 1/2-1/2

[Event "45th Olympiad 2024"]
[Site "Budapest HUN"]
[Date "2024.09.16"]
[Round "6.63"]
[Board "1"]
[White "Al Maashani, Amer"]
[Black "Espinoza Solano, Jose Nahum"]
[Result "1/2-1/2"]
[WhiteElo "1979"]
[BlackElo "2156"]
[PlyCount "83"]
[EventDate "2024.09.11"]
[WhiteTeam "Oman"]
[BlackTeam "Nicaragua"]
[WhiteTeamCountry "OMN"]
[BlackTeamCountry "NCA"]

1. e4 e5 2. Nf3 Nc6 3. Nc3 Nf6 4. a3 a6 5. d4 exd4 6. Nxd4 d6 7. Be2 ({RR} 7. Nxc6 bxc6 8. Bd3 Be7 9. O-O O-O 10. f4 c5 11. Qf3 Bb7 12. Qh3 g6 13. b3 Bc8 14. Qf3 Bb7 15. Bb2 d5 16. e5 Ne8 17. f5 Bg5 18. fxg6 hxg6 19. Bxg6 d4 20. Bxf7+ Kg7 21. Qh5 Be3+ {1-0 Trepat Herranz,J (2369)-Sethuraman,R (2124) Titled Tue 4th Jun Late 2024 (4)}) 7... Bd7 $146 ({RR} 7... Be7 8. O-O O-O 9. f4 Re8 10. Bf3 Nxd4 11. Qxd4 Bg4 12. Qd1 Qd7 13. Be3 Bxf3 14. Qxf3 Qg4 15. h3 Qxf3 16. gxf3 c6 17. Ne2 Nh5 18. Rad1 Rad8 19. c3 Bf8 20. Kh2 f5 21. e5 dxe5 22. Rxd8 {0-1 Boehm,M (1735)-Odor,I (1830) Miercurea Ciuc Banc Post op 11th 2008 (8)}) ({RR} 7... Be7 8. O-O O-O 9. Be3 Re8 10. f3 d5 11. Nxc6 bxc6 12. e5 Nd7 13. f4 f5 14. Nxd5 Nf8 15. Nxe7+ Qxe7 16. Bf3 Bb7 17. Qe2 Ne6 18. Rfd1 Rab8 19. Qc4 c5 20. Bxb7 Rxb7 21. b3 Rb6 22. Rd5 {1-0 Christiansen,J (2486)-Nigmatov,O (2431) Titled Tuesday intern op 3rd April blitz 2018 (5)}) ({RR} 7... Be7 8. O-O O-O 9. Be3 Re8 10. f4 Bf8 11. Bf3 Bd7 12. h3 g6 13. Qd2 Bg7 14. g4 Nxd4 15. Bxd4 Bc6 16. Rae1 Nd7 17. g5 f6 18. h4 h6 19. gxh6 Bxh6 20. Qh2 Kh7 21. Re2 Re7 22. Rg2 {1-0 Mazurchak,B (2075)-Tsirulnik,M UKR-ch U14 sf 2004 (6)}) 8. O-O Be7 9. f4 O-O 10. Bf3 Nxd4 11. Qxd4 Bc6 12. b3 Nd7 13. Nd5 Bxd5 14. Qxd5 c6 15. Qd2 Bf6 16. Rb1 Nc5 17. Qf2 Qe7 18. Re1 Rfe8 19. a4 Bc3 20. Bd2 Bxd2 21. Qxd2 Qf6 22. Rbd1 Rad8 23. g3 g5 24. Bg2 gxf4 25. gxf4 Kh8 26. Qf2 Ne6 27. Rxd6 Rxd6 28. e5 Qxf4 29. exd6 Qxf2+ 30. Kxf2 Rd8 31. Rd1 Kg7 32. b4 Kf6 33. b5 axb5 34. axb5 cxb5 35. Bxb7 Nc5 36. Bc6 Ke6 37. d7 b4 38. Rd4 Nxd7 39. Ke3 Ke7 40. Bxd7 Rxd7 41. Rxb4 Ke6 42. Rb6+ 1/2-1/2

[Event "45th Olympiad 2024"]
[Site "Budapest HUN"]
[Date "2024.09.16"]
[Round "6.64"]
[Board "2"]
[White "Ayyad, Maher"]
[Black "Giron Chavez, David Emanuel"]
[Result "1-0"]
[WhiteElo "1980"]
[BlackElo "2065"]
[PlyCount "139"]
[EventDate "2024.09.11"]
[WhiteTeam "Bahrain"]
[BlackTeam "Guatemala"]
[WhiteTeamCountry "BHN"]
[BlackTeamCountry "GUA"]

1. d4 Nf6 2. Nf3 e6 3. g3 b6 4. Bg2 Bb7 5. O-O c5 6. c4 cxd4 7. Nxd4 Bxg2 8. Kxg2 Qc8 9. b3 Qb7+ 10. Kg1 a6 11. Bb2 Be7 12. Nc3 O-O 13. Qd3 ({RR} 13. Qd2 d6 14. Rac1 Rd8 15. f3 Nc6 16. Nxc6 Qxc6 17. e4 Qb7 18. Qe2 Rab8 19. a4 Nd7 20. Rb1 Bf8 21. Kg2 Rbc8 22. Bc1 Re8 23. Be3 Nc5 24. Rfd1 g6 25. Bd4 Nd7 26. Qf2 Nc5 27. Qe2 Nd7 {½-½ Huebner,R (2604)-Bischoff,K (2561) GER-ch Internet g/5' blitz 2004 (3)}) 13... d6 14. Qf3 $146 ({RR} 14. e4 Nbd7 15. Rfe1 Rfe8 16. Rad1 Bf8 17. Qf3 Rab8 18. Qg2 Qc7 19. h3 Ne5 20. f4 Ng6 21. Kh1 e5 22. fxe5 dxe5 23. Nc2 b5 24. Ne3 Bb4 25. Ncd5 Nxd5 26. Nxd5 Qa5 27. Nxb4 Qxb4 28. cxb5 axb5 {0-1 Han,H (2270)-Gostisa,L (2430) Olympiad-30 Manila 1992 (7.4)}) ({RR} 14. Rfd1 Nbd7 15. Qf3 Qxf3 16. Nxf3 Nc5 17. Nd4 Rfc8 18. f3 Nfd7 19. e4 Ne5 20. Kg2 b5 21. cxb5 Ncd3 22. Nc6 Bf6 23. Ba3 Nxc6 24. Rxd3 axb5 25. Bb2 Nb4 26. Rad1 Nxd3 27. Rxd3 b4 28. Na4 Bxb2 {0-1 Krisztian,G (2105)-Bokros,A (2260) HUN-chT2 Hungary 1997 (9)}) 14... Qxf3 15. Nxf3 Nc6 16. Rfd1 Rfd8 17. Nd4 Na7 18. Rd2 Rab8 19. a4 d5 20. cxd5 Nxd5 21. Nxd5 Rxd5 22. Rc2 Bc5 23. e3 a5 24. Rac1 Rbd8 25. Kg2 h5 26. Bc3 R8d7 27. Nf3 Nc6 28. h4 e5 29. e4 Rd3 30. Ne1 Rd1 31. Kf1 Nb4 32. Ke2 R1d6 33. Bxb4 Bxb4 34. Nf3 f6 35. Rc6 Rd3 36. Rxb6 Rxb3 37. Rc2 Ra3 38. Nh2 Ra1 39. Kf3 Rxa4 40. g4 Ra3+ 41. Kg2 hxg4 42. Nxg4 Rd4 43. Rc8+ Kh7 44. Rb7 Rc3 45. Nxf6+ Kg6 46. Rxc3 Bxc3 47. Nd5 Bd2 48. Ne7+ Kf6 49. Nd5+ Ke6 50. f3 Bh6 51. Re7+ Kd6 52. Ra7 Rd2+ 53. Kh3 Ra2 54. Ne7 Bf4 55. Ng6 Bc1 56. Ra6+ Kc7 57. Nxe5 Kb7 58. Rg6 Bb2 59. Rxg7+ Ka6 60. Rg2 a4 61. Nc4 a3 62. Nxa3 Rxa3 63. Rxb2 Rxf3+ 64. Kg4 Re3 65. h5 Rxe4+ 66. Kf5 Rh4 67. Kg5 Rh1 68. Rg2 Kb6 69. h6 Kc6 70. Kg6 1-0